[Event "Quebec-ch Amateur U2000"]
[Site "Montreal CAN"]
[Date "2014.10.12"]
[Round "4"]
[White "Fan, Run Kun"]
[Black "Mangahas, Ronald"]
[Result "0-1"]
[WhiteElo "1712"]
[BlackElo "1871"]
[PlyCount "100"]
[EventDate "2014.10.10"]
[EventType "swiss"]
[EventRounds "7"]
[EventCountry "CAN"]

1. Nf3 Nf6 2. g3 Nc6 3. Bg2 e5 4. d3 d5 5. O-O Be7 6. c4 O-O 7. cxd5 Nxd5 8.
Nc3 Be6 9. Bd2 Kh8 10. a3 f5 11. b4 Bd6 12. Ng5 Nxc3 13. Nxe6 Qe7 14. Bxc3 Qxe6
15. b5 Nd8 16. a4 Rb8 17. Qd2 b6 18. Rfc1 Nf7 19. Bb4 Rbd8 20. Bxd6 cxd6 21.
Rc7 Rd7 22. Rac1 Rfd8 23. Rxd7 Rxd7 24. Rc8+ Rd8 25. Rc7 Rd7 26. Bd5 Qe7 27.
Rc8+ Nd8 28. Qc3 h6 29. Qc6 Kh7 30. Qa8 Nf7 31. Rf8 Rd8 32. Rxf7 Qxf7 33. Qxd8
Qxd5 34. Qd7 e4 35. Qxa7 exd3 36. exd3 Qxd3 37. Qxb6 Qd1+ 38. Kg2 Qxa4 39. Qc6
h5 40. Qd5 g6 41. b6 Qb4 42. b7 Kg7 43. Qc6 Kf6 44. Qc7 Qe4+ 45. Kf1 Qd3+ 46.
Ke1 Qb1+ 47. Kd2 Qb2+ 48. Kd3 Qb5+ 49. Kd4 Qe5+ 50. Kc4 d5+ 0-1

[Event "Quebec-ch Amateur U2000"]
[Site "Montreal CAN"]
[Date "2014.10.12"]
[Round "4"]
[White "Heredia, Jose"]
[Black "Perna-Fraser, David"]
[Result "1/2-1/2"]
[WhiteElo "1897"]
[BlackElo "1872"]
[PlyCount "57"]
[EventDate "2014.10.10"]
[EventType "swiss"]
[EventRounds "7"]
[EventCountry "CAN"]

1. e4 e5 2. Nf3 Nf6 3. Nxe5 d6 4. Nf3 Nxe4 5. Nc3 Nxc3 6. dxc3 Be7 7. Be3 c5 8.
Bc4 O-O 9. Qd2 Nc6 10. h3 Be6 11. Bd5 Qd7 12. Bxe6 Qxe6 13. O-O Ne5 14. Nxe5
dxe5 15. f4 exf4 16. Bxf4 Rad8 17. Qf2 Rd7 18. Qg3 Bd6 19. Bxd6 Qxd6 20. Qxd6
Rxd6 21. Rad1 Rfd8 22. Rxd6 Rxd6 23. Re1 Kf8 24. Re2 Rd1+ 25. Kf2 Rb1 26. b3
Rd1 27. c4 f6 28. a4 Kf7 29. Kf3 1/2-1/2

[Event "Quebec-ch Amateur U2000"]
[Site "Montreal CAN"]
[Date "2014.10.12"]
[Round "4"]
[White "Lavergne, Daniel"]
[Black "Li, Yi Lin"]
[Result "1-0"]
[WhiteElo "1722"]
[BlackElo "1761"]
[PlyCount "125"]
[EventDate "2014.10.10"]
[EventType "swiss"]
[EventRounds "7"]
[EventCountry "CAN"]

1. e4 c5 2. Nf3 d6 3. d4 cxd4 4. Nxd4 Nf6 5. Nc3 e6 6. g4 h6 7. Rg1 g5 8. Be3
a6 9. Qd2 b5 10. f3 Nbd7 11. O-O-O Bb7 12. h4 gxh4 13. g5 hxg5 14. Bxg5 Qc7 15.
Bh3 b4 16. Nd5 exd5 17. exd5 Nxd5 18. Rde1+ Be7 19. Nf5 Ne5 20. Bxe7 Nxe7 21.
Nxd6+ Kf8 22. Rxe5 Rd8 23. Qg5 Rh7 24. Rxe7 Qxd6 25. Rxb7 Qh6 26. Qxh6+ Rxh6
27. Rxb4 Re8 28. Re4 Rd8 29. Rd1 Rb8 30. c4 a5 31. Kc2 Rhb6 32. b3 a4 33. Rd3
Ra8 34. Rxh4 axb3+ 35. axb3 Ra2+ 36. Kc3 Ra3 37. Kb2 Rba6 38. c5 Ra2+ 39. Kc3
Ra1 40. Rc4 Ra8 41. c6 Rc1+ 42. Kb4 Rb8+ 43. Kc5 Ra1 44. c7 Ra5+ 45. Kc6 Ra6+
46. Kd7 Ra7 47. Kd6 Rb6+ 48. Rc6 Rxc7 49. Kxc7 Rb4 50. Kd7 Kg7 51. Bf5 Rf4 52.
Be4 f5 53. Bd5 Rb4 54. Ke6 Kg6 55. Bc4 Rb8 56. Ke5+ Kg5 57. f4+ Kg4 58. Rg6+
Kh4 59. Rd1 Re8+ 60. Be6 Kh5 61. Rg2 Rxe6+ 62. Kxe6 Kh6 63. Rh1# 1-0

[Event "Quebec-ch Amateur U2000"]
[Site "Montreal CAN"]
[Date "2014.10.12"]
[Round "4"]
[White "Morin, Louis"]
[Black "Joanis, Marc-Andre"]
[Result "1-0"]
[WhiteElo "1977"]
[BlackElo "1854"]
[PlyCount "115"]
[EventDate "2014.10.10"]
[EventType "swiss"]
[EventRounds "7"]
[EventCountry "CAN"]

1. e4 e6 2. d4 d5 3. exd5 exd5 4. Bd3 Nc6 5. c3 Bd6 6. Ne2 Nge7 7. Qc2 Ng6 8.
Be3 Be6 9. Nd2 Qd7 10. O-O Nh4 11. Ng3 Bh3 12. Be4 Be6 13. Bg5 Ng6 14. Bd3 Nf4
15. Bxh7 g6 16. Bxf4 Bxf4 17. Bxg6 Bxd2 18. Bxf7+ Qxf7 19. Qxd2 O-O-O 20. Rfe1
Ne7 21. Re3 Ng6 22. Rae1 Bd7 23. Rf3 Qh7 24. Nf1 Bb5 25. Rh3 Qf7 26. Rxh8 Rxh8
27. Qg5 Bxf1 28. Qg4+ Kb8 29. Rxf1 b6 30. Re1 Nf4 31. Re5 Rg8 32. Rg5 Rxg5 33.
Qxg5 Nd3 34. Qd2 Qf5 35. g3 Qf3 36. h4 c5 37. h5 c4 38. h6 Qh5 39. b3 b5 40.
bxc4 bxc4 41. Kg2 Kc7 42. f3 Kd7 43. Qe3 a5 44. a3 a4 45. Qd2 Kc6 46. Kg1 Kd6
47. Qh2 Qxf3 48. g4+ Kd7 49. h7 Qd1+ 50. Kg2 Qe2+ 51. Kh3 Qe8 52. Qg3 Qh8 53.
Qh4 Nf4+ 54. Kg3 Ne2+ 55. Kf3 Nxc3 56. g5 Ne4 57. g6 Nf6 58. Qh6 1-0

[Event "Quebec-ch Amateur U2000"]
[Site "Montreal CAN"]
[Date "2014.10.12"]
[Round "4"]
[White "Pomerantz, Daniel"]
[Black "Ouellet, Maili-Jade"]
[Result "0-1"]
[WhiteElo "1930"]
[BlackElo "1879"]
[PlyCount "114"]
[EventDate "2014.10.10"]
[EventType "swiss"]
[EventRounds "7"]
[EventCountry "CAN"]

1. e4 c5 2. Nf3 e6 3. d4 cxd4 4. Nxd4 a6 5. Bd3 Bc5 6. Nb3 Be7 7. O-O d6 8. c4
Nf6 9. Nc3 Nbd7 10. Kh1 Ne5 11. f4 Nxd3 12. Qxd3 Qc7 13. Be3 O-O 14. Rac1 b6
15. Nd2 Bb7 16. Rfe1 Rfd8 17. Na4 Nd7 18. Qb3 Rab8 19. Bd4 Bc6 20. Nc3 Qb7 21.
Qc2 Bf6 22. Nf3 b5 23. cxb5 axb5 24. b4 Rbc8 25. Qd3 Ne5 26. Qe3 Nc4 27. Qe2
Be7 28. a4 e5 29. axb5 Bxb5 30. Nxb5 Qxb5 31. Bc3 exf4 32. Nd4 Qd7 33. Nf5 Ne5
34. Red1 Bf8 35. Qd2 Ng6 36. Qd4 f6 37. Ra1 Ne5 38. Ra7 Qc6 39. Bb2 Rc7 40. b5
Qc5 41. b6 Rxa7 42. bxa7 Ra8 43. Ra1 Nc6 44. Qxc5 dxc5 45. Bc1 g5 46. Ra6 Rxa7
47. Rxc6 Ra1 48. Kg1 Rxc1+ 49. Kf2 Rc2+ 50. Kf3 Kf7 51. h3 h5 52. Rc8 c4 53.
Nd4 Rc3+ 54. Ke2 Re3+ 55. Kf2 Rxe4 56. Rc7+ Kg6 57. Nf5 Bb4 0-1

[Event "Quebec-ch Amateur U2000"]
[Site "Montreal CAN"]
[Date "2014.10.12"]
[Round "4"]
[White "Saha, Ananda"]
[Black "Alcantara, Maximo jr"]
[Result "1-0"]
[WhiteElo "1793"]
[BlackElo "1702"]
[PlyCount "85"]
[EventDate "2014.10.10"]
[EventType "swiss"]
[EventRounds "7"]
[EventCountry "CAN"]

1. d4 c6 2. c4 d5 3. Nf3 Nf6 4. Nc3 a6 5. cxd5 cxd5 6. Bf4 e6 7. e3 Nc6 8. Bd3
Bd6 9. Bg3 h6 10. a3 Qe7 11. Bc2 Bd7 12. Qd3 Rc8 13. O-O Bxg3 14. hxg3 Na7 15.
Ne5 Nb5 16. Nxd7 Qxd7 17. Ba4 O-O 18. Rac1 Qd6 19. Bxb5 axb5 20. Qxb5 Rc4 21.
Na4 Rfc8 22. Nc5 b6 23. Rxc4 bxc5 24. Rxc5 Rb8 25. Qc6 Qxc6 26. Rxc6 Rxb2 27.
Rfc1 Ra2 28. Rc8+ Kh7 29. Ra8 Ne4 30. Rf1 Nd2 31. Rc1 Nc4 32. Rb1 Rxa3 33. Rxa3
Nxa3 34. Rb7 Kg6 35. f3 Kf6 36. Kf2 h5 37. Ke2 Nc4 38. Rd7 Nb6 39. Rc7 g5 40.
e4 dxe4 41. fxe4 Kg6 42. d5 Na8 43. d6 1-0

[Event "Quebec-ch Amateur U2000"]
[Site "Montreal CAN"]
[Date "2014.10.12"]
[Round "4"]
[White "Saine, Zachary"]
[Black "Millette, Sylvain"]
[Result "1-0"]
[WhiteElo "1706"]
[BlackElo "1755"]
[PlyCount "49"]
[EventDate "2014.10.10"]
[EventType "swiss"]
[EventRounds "7"]
[EventCountry "CAN"]

1. e4 Nf6 2. e5 Nd5 3. c4 Nb6 4. d4 d6 5. f4 dxe5 6. fxe5 c5 7. d5 g6 8. Nc3
Bg7 9. Bf4 O-O 10. Be2 a6 11. Nf3 Bg4 12. O-O e6 13. Qb3 exd5 14. Nxd5 Nxd5 15.
cxd5 b6 16. h3 Bf5 17. Nd2 Re8 18. Nf3 Be4 19. d6 Nc6 20. Ng5 Bf5 21. Qxf7+ Kh8
22. Bf3 Ra7 23. Qxa7 Nxa7 24. Nf7+ Kg8 25. Nxd8 1-0

[Event "Quebec-ch Amateur U2000"]
[Site "Montreal CAN"]
[Date "2014.10.12"]
[Round "4"]
[White "Simard, Francois"]
[Black "Zumsteg, Nicolas"]
[Result "1-0"]
[WhiteElo "1849"]
[BlackElo "1715"]
[PlyCount "83"]
[EventDate "2014.10.10"]
[EventType "swiss"]
[EventRounds "7"]
[EventCountry "CAN"]

1. d4 Nf6 2. Nf3 g6 3. Bg5 Bg7 4. Qc1 h6 5. Bf4 d5 6. g3 Nc6 7. c3 g5 8. Be3
Bf5 9. Bg2 e6 10. Na3 Ne7 11. h4 g4 12. Ne5 Nd7 13. Nd3 c6 14. Nf4 h5 15. O-O
f6 16. c4 e5 17. Nd3 O-O 18. dxe5 fxe5 19. Bh6 Rf7 20. Qg5 Qf8 21. cxd5 Bxd3
22. exd3 Nxd5 23. Nb5 Rf5 24. Qxg7+ Qxg7 25. Bxg7 Kxg7 26. Nc7 Rc8 27. Nxd5
cxd5 28. Bxd5 Rc2 29. Be6 Rf7 30. Bxf7 Kxf7 31. Rfc1 Rxb2 32. Rab1 Rxb1 33.
Rxb1 Nc5 34. Kf1 Ke6 35. Ke2 Kd5 36. Ke3 b6 37. Rf1 Ne6 38. f3 Nd4 39. fxg4
hxg4 40. h5 Nf3 41. Rxf3 gxf3 42. h6 1-0

[Event "Quebec-ch Amateur U2000"]
[Site "Montreal CAN"]
[Date "2014.10.12"]
[Round "5"]
[White "Alcantara, Maximo jr"]
[Black "Saine, Zachary"]
[Result "1-0"]
[WhiteElo "1702"]
[BlackElo "1706"]
[PlyCount "149"]
[EventDate "2014.10.10"]
[EventType "swiss"]
[EventRounds "7"]
[EventCountry "CAN"]

1. e4 e5 2. Nf3 Nc6 3. Bc4 Bc5 4. O-O Nf6 5. Nc3 O-O 6. d3 h6 7. h3 d6 8. Be3
Bb6 9. Bxb6 axb6 10. Nd5 Nxd5 11. Bxd5 Be6 12. Bxe6 fxe6 13. a3 d5 14. Qe2 Qf6
15. Rae1 Rfe8 16. Nh2 Nd4 17. Qd2 Rf8 18. Re3 c5 19. Ng4 Qg5 20. exd5 exd5 21.
c3 h5 22. Nxe5 Rae8 23. cxd4 cxd4 24. Re2 Qxd2 25. Rxd2 Rxe5 26. Rc1 Rfe8 27.
Kf1 Kf7 28. f3 R8e7 29. Rcc2 h4 30. Re2 Re3 31. Rxe3 dxe3 32. d4 Kf6 33. Ke2
Kf5 34. Rc8 Kf4 35. Rh8 Kg3 36. Rh5 Kxg2 37. Rxh4 Kg3 38. Rg4+ Kxh3 39. Rg5 Kh4
40. Rxd5 Kg3 41. Rg5+ Kf4 42. Rg6 b5 43. d5 Rc7 44. Rg4+ Ke5 45. Kxe3 Kxd5 46.
Kd3 Rf7 47. f4 Ke6 48. Ke4 Rc7 49. Rg6+ Kf7 50. Rb6 Re7+ 51. Kf5 Rc7 52. Rxb5
Re7 53. b4 Kg8 54. a4 Kh7 55. a5 Kg8 56. Rb6 Kh7 57. Kg5 Rf7 58. f5 Rd7 59. b5
Rf7 60. a6 bxa6 61. bxa6 Ra7 62. f6 gxf6+ 63. Kxf6 Kh6 64. Ke6 Kg6 65. Kd6 Kf5
66. Kc5 Ke5 67. Kb5 Kd5 68. Rb7 Ra8 69. Kb6 Rh8 70. a7 Rh6+ 71. Kb5 Rh1 72. Rb8
Rb1+ 73. Ka6 Ra1+ 74. Kb7 Rb1+ 75. Kc8 1-0

[Event "Quebec-ch Amateur U2000"]
[Site "Montreal CAN"]
[Date "2014.10.12"]
[Round "5"]
[White "Desjardins, Michel"]
[Black "Fan, Run Kun"]
[Result "0-1"]
[WhiteElo "1838"]
[BlackElo "1712"]
[PlyCount "41"]
[EventDate "2014.10.10"]
[EventType "swiss"]
[EventRounds "7"]
[EventCountry "CAN"]

1. e4 Nf6 2. Nc3 e5 3. Bc4 Nc6 4. d3 Be7 5. f4 d6 6. Nf3 O-O 7. O-O Bg4 8. h3
Bxf3 9. Qxf3 Nd4 10. Qf2 c6 11. a4 h6 12. Be3 Ne6 13. Ne2 exf4 14. Nxf4 d5 15.
exd5 Nxf4 16. Bxf4 Nxd5 17. Bxd5 Qxd5 18. Qg3 Bc5+ 19. Kh1 Kh7 20. Rad1 Rad8
21. d4 0-1

[Event "Quebec-ch Amateur U2000"]
[Site "Montreal CAN"]
[Date "2014.10.12"]
[Round "5"]
[White "Joanis, Marc-Andre"]
[Black "Li, Yi Lin"]
[Result "0-1"]
[WhiteElo "1854"]
[BlackElo "1761"]
[PlyCount "74"]
[EventDate "2014.10.10"]
[EventType "swiss"]
[EventRounds "7"]
[EventCountry "CAN"]

1. d4 d5 2. c4 c6 3. cxd5 cxd5 4. Nf3 Nc6 5. Nc3 Bg4 6. Ne5 Nxe5 7. dxe5 d4 8.
h3 dxc3 9. Qxd8+ Rxd8 10. hxg4 cxb2 11. Bxb2 e6 12. Rh3 Ne7 13. e4 a6 14. Rb3
Nc6 15. Be2 Bb4+ 16. Kf1 Rb8 17. Rc1 Kd7 18. Rc4 Be7 19. Rd3+ Kc7 20. Rf3 Rhf8
21. Rh3 h6 22. f4 Rbd8 23. Bc3 Kb8 24. f5 Bg5 25. f6 gxf6 26. exf6 e5 27. Rf3
Rd6 28. Rf5 Bxf6 29. Ke1 Bh4+ 30. Kf1 f6 31. Bb2 Rfd8 32. Rf3 Rd2 33. Bc1 Rxa2
34. Bxh6 Nd4 35. Rd3 Rc8 36. Rxc8+ Kxc8 37. g3 Bg5 0-1

[Event "Quebec-ch Amateur U2000"]
[Site "Montreal CAN"]
[Date "2014.10.12"]
[Round "5"]
[White "Johnson-Constantin, Matthieu"]
[Black "Saha, Ananda"]
[Result "1/2-1/2"]
[WhiteElo "1777"]
[BlackElo "1793"]
[PlyCount "74"]
[EventDate "2014.10.10"]
[EventType "swiss"]
[EventRounds "7"]
[EventCountry "CAN"]

1. Nf3 d5 2. g3 Nf6 3. Bg2 e6 4. d4 Be7 5. O-O O-O 6. Nbd2 b6 7. c4 Bb7 8. b3
c5 9. cxd5 exd5 10. Bb2 Nbd7 11. e3 Rc8 12. Rc1 Ba6 13. Re1 c4 14. e4 b5 15. e5
Ne8 16. e6 Nb6 17. exf7+ Rxf7 18. Bh3 b4 19. Bxc8 Qxc8 20. Ne5 Rf8 21. bxc4
dxc4 22. Ndxc4 Nxc4 23. Nxc4 Qf5 24. f4 Bf6 25. Ne5 Bxe5 26. dxe5 Kh8 27. Qa4
Bb7 28. Qxb4 Ba8 29. Qb8 Bf3 30. Ba3 Qh3 31. Rc2 Rg8 32. Qc8 Qh5 33. Qd7 Ba8
34. Qd3 Qf7 35. Rcc1 Nc7 36. Bd6 Nd5 37. Rc8 Rxc8 1/2-1/2

[Event "Quebec-ch Amateur U2000"]
[Site "Montreal CAN"]
[Date "2014.10.12"]
[Round "5"]
[White "Mangahas, Ronald"]
[Black "Chevalier, Francois"]
[Result "1-0"]
[WhiteElo "1871"]
[BlackElo "1761"]
[PlyCount "127"]
[EventDate "2014.10.10"]
[EventType "swiss"]
[EventRounds "7"]
[EventCountry "CAN"]

1. e4 e6 2. d4 d5 3. exd5 exd5 4. Bf4 Bd6 5. Bxd6 Qxd6 6. Nc3 c6 7. Nf3 Bg4 8.
Be2 Bxf3 9. Bxf3 Qe6+ 10. Ne2 Nf6 11. O-O O-O 12. Re1 Qd6 13. Ng3 Nbd7 14. Qd2
Rfe8 15. Nf5 Qf8 16. Qf4 Rxe1+ 17. Rxe1 Re8 18. Rxe8 Qxe8 19. Kf1 Nf8 20. Qc7
Qd7 21. Qxd7 N8xd7 22. Nd6 b6 23. Nc8 Kf8 24. Nxa7 c5 25. Nb5 Ke7 26. Ke2 cxd4
27. Nxd4 g6 28. b3 Kd6 29. Ke3 Kc5 30. c3 Ne5 31. Be2 Ne4 32. b4+ Kd6 33. Nb5+
Kc6 34. f3 Nf6 35. Kf4 Ned7 36. Kg5 h5 37. a4 Ne8 38. Nd4+ Kd6 39. Bb5 Kc7 40.
g4 hxg4 41. fxg4 Nd6 42. Bd3 Ne5 43. Nb5+ Kc6 44. Nxd6 Kxd6 45. Be2 Ke6 46. h4
f6+ 47. Kf4 g5+ 48. hxg5 Ng6+ 49. Ke3 fxg5 50. a5 bxa5 51. bxa5 Kd6 52. a6 Kc6
53. Kd4 Nf4 54. Bf3 Kb6 55. Bxd5 Kxa6 56. Ke5 Kb6 57. Kd6 Nd3 58. c4 Nc5 59.
Ke5 Nd3+ 60. Kf5 Nf4 61. Kxg5 Nxd5 62. cxd5 Kc5 63. Kf6 Kxd5 64. g5 1-0

[Event "Quebec-ch Amateur U2000"]
[Site "Montreal CAN"]
[Date "2014.10.12"]
[Round "5"]
[White "Morin, Louis"]
[Black "Pomerantz, Daniel"]
[Result "1-0"]
[WhiteElo "1977"]
[BlackElo "1930"]
[PlyCount "75"]
[EventDate "2014.10.10"]
[EventType "swiss"]
[EventRounds "7"]
[EventCountry "CAN"]

1. e4 c5 2. d4 cxd4 3. c3 Nf6 4. e5 Nd5 5. Qxd4 e6 6. Bc4 Nc6 7. Qe4 f5 8. Qe2
Nb6 9. Bb3 Bc5 10. Nf3 O-O 11. O-O Kh8 12. Rd1 Be7 13. Bxe6 d6 14. Bxc8 Rxc8
15. exd6 Bxd6 16. Bf4 Bxf4 17. Rxd8 Rcxd8 18. Na3 Rfe8 19. Qc2 Re4 20. g3 Bh6
21. Nb5 Nc4 22. Nbd4 g6 23. Rd1 N6e5 24. Nxe5 Nxe5 25. Kg2 Re8 26. h3 Nc4 27.
Qb3 Nd6 28. Nb5 Nxb5 29. Qxb5 Re2 30. Rd8 Rxf2+ 31. Kxf2 Rxd8 32. Qxb7 Rd2+ 33.
Ke1 Kg8 34. c4 Rc2 35. b4 f4 36. gxf4 Bxf4 37. c5 Be5 38. Qd5+ 1-0

[Event "Quebec-ch Amateur U2000"]
[Site "Montreal CAN"]
[Date "2014.10.12"]
[Round "5"]
[White "Perna-Fraser, David"]
[Black "Ouellet, Maili-Jade"]
[Result "1-0"]
[WhiteElo "1872"]
[BlackElo "1839"]
[PlyCount "49"]
[EventDate "2014.10.10"]
[EventType "swiss"]
[EventRounds "7"]
[EventCountry "CAN"]

1. e4 c5 2. Nf3 e6 3. d4 cxd4 4. Nxd4 a6 5. Nc3 b5 6. a3 Bb7 7. Be3 d6 8. f3
Nf6 9. g4 Be7 10. Qd2 h6 11. O-O-O Nbd7 12. Be2 Qc7 13. h4 Ne5 14. g5 Ng8 15.
f4 Nc4 16. Bxc4 Qxc4 17. Rhf1 d5 18. exd5 Bxd5 19. Nxd5 Qxd5 20. Qc3 hxg5 21.
Nf5 Bf6 22. Qc7 Bxb2+ 23. Kxb2 Qxf5 24. Qc6+ Ke7 25. Rd7+ 1-0

[Event "Quebec-ch Amateur U2000"]
[Site "Montreal CAN"]
[Date "2014.10.12"]
[Round "5"]
[White "Simard, Francois"]
[Black "Heredia, Jose"]
[Result "1/2-1/2"]
[WhiteElo "1849"]
[BlackElo "1897"]
[PlyCount "147"]
[EventDate "2014.10.10"]
[EventType "swiss"]
[EventRounds "7"]
[EventCountry "CAN"]

1. d4 d5 2. c4 c6 3. cxd5 cxd5 4. Nf3 Nf6 5. Nc3 e6 6. Bg5 Be7 7. e3 O-O 8. Bd3
h6 9. Bh4 Nbd7 10. O-O a6 11. Rc1 b5 12. a3 Bb7 13. Bb1 Ne4 14. Bxe7 Qxe7 15.
Nxe4 dxe4 16. Ne5 Rfc8 17. Nxd7 Rxc1 18. Qxc1 Qxd7 19. Qc5 Rc8 20. Qe5 Qd5 21.
Qxd5 Bxd5 22. f3 exf3 23. gxf3 Kf8 24. e4 Bb3 25. Kf2 Ke7 26. Ke3 b4 27. axb4
Rb8 28. Bd3 Rxb4 29. Bxa6 Ba4 30. Rf2 Rb3+ 31. Kf4 g5+ 32. Kg4 f5+ 33. exf5
exf5+ 34. Kxf5 Bd7+ 35. Ke4 Bb5 36. Bxb5 Rxb5 37. Rg2 Ke6 38. f4 Kf6 39. fxg5+
hxg5 40. Kd3 Ke6 41. Ke4 Rf5 42. b4 Kd6 43. Ra2 g4 44. Ra6+ Kc7 45. Ra2 Rh5 46.
Rg2 Kd6 47. Kd3 Kd5 48. Ke3 Rh3+ 49. Kf4 Rb3 50. Rxg4 Rxb4 51. Kf5 Rb2 52. h4
Rb8 53. Kf6 Rb6+ 54. Kg7 Rb7+ 55. Kh8 Ke6 56. Rf4 Rb5 57. Kg7 Rb7+ 58. Kg6 Rb5
59. Kg7 Rb7+ 60. Kg6 Rb8 61. Rf7 Rb5 62. Rf8 Ke7 63. Rf5 Rb6+ 64. Kg7 Ra6 65.
Rf4 Rb6 66. Re4+ Kd6 67. Re8 Kd7 68. Rh8 Rd6 69. h5 Rxd4 70. h6 Kc7 71. h7 Rd7+
72. Kg6 Rd6+ 73. Kf5 Rd5+ 74. Kf4 1/2-1/2

[Event "Quebec-ch Amateur U2000"]
[Site "Montreal CAN"]
[Date "2014.10.13"]
[Round "6"]
[White "Chevalier, Francois"]
[Black "Fan, Run Kun"]
[Result "1-0"]
[WhiteElo "1761"]
[BlackElo "1712"]
[PlyCount "96"]
[EventDate "2014.10.10"]
[EventType "swiss"]
[EventRounds "7"]
[EventCountry "CAN"]

1. d4 d5 2. Bf4 Nf6 3. e3 e6 4. Nd2 Be7 5. Bd3 b6 6. c3 Bb7 7. Ngf3 O-O 8. Qe2
c5 9. O-O Nc6 10. Rad1 c4 11. Bb1 Nh5 12. Bg3 Nxg3 13. hxg3 b5 14. Ne5 Bf6 15.
f4 Re8 16. Bxh7+ Kxh7 17. Qh5+ Kg8 18. Qxf7+ Kh8 19. Qxb7 Nxe5 20. dxe5 Be7 21.
Nf3 a6 22. Nd4 Bc5 23. Qc7 Qe7 24. Qxe7 Rxe7 25. Kf2 a5 26. Kf3 b4 27. g4 Bxd4
28. exd4 a4 29. cxb4 a3 30. Rf2 Rb7 31. f5 Rxb4 32. bxa3 Rxa3+ 33. Kf4 Kg8 34.
fxe6 Rb8 35. Kg5 Re8 36. Rdd2 Rxe6 37. Kf5 Kf7 38. g5 Re7 39. g6+ Kg8 40. Rb2
Ra8 41. e6 Rae8 42. Rfe2 Rc7 43. Rbc2 Rc6 44. Re5 Rd6 45. a4 Rf8+ 46. Kg4 Re8
47. e7 Kh8 48. Rf2 Kg8 1-0

[Event "Quebec-ch Amateur U2000"]
[Site "Montreal CAN"]
[Date "2014.10.13"]
[Round "6"]
[White "Lavergne, Daniel"]
[Black "Johnson-Constantin, Matthieu"]
[Result "1-0"]
[WhiteElo "1722"]
[BlackElo "1777"]
[PlyCount "53"]
[EventDate "2014.10.10"]
[EventType "swiss"]
[EventRounds "7"]
[EventCountry "CAN"]

1. e4 e6 2. d4 d5 3. Nc3 dxe4 4. Nxe4 Nf6 5. Bg5 Be7 6. Bxf6 gxf6 7. Nf3 f5 8.
Ng3 Bd7 9. c3 Bf6 10. Qc2 Bc6 11. Be2 h5 12. O-O-O Qe7 13. Rhe1 f4 14. Nf5 Qf8
15. d5 Bd7 16. Bc4 Qc5 17. dxe6 Qxc4 18. exd7+ Kd8 19. Re8+ Rxe8 20. dxe8=Q+
Kxe8 21. Qd2 Qxa2 22. Re1+ Kf8 23. Qxf4 Nc6 24. Qh6+ Kg8 25. Qxf6 Qa1+ 26. Kc2
Qa4+ 27. Kb1 1-0

[Event "Quebec-ch Amateur U2000"]
[Site "Montreal CAN"]
[Date "2014.10.13"]
[Round "6"]
[White "Ouellet, Maili-Jade"]
[Black "Mangahas, Ronald"]
[Result "1-0"]
[WhiteElo "1879"]
[BlackElo "1871"]
[PlyCount "77"]
[EventDate "2014.10.10"]
[EventType "swiss"]
[EventRounds "7"]
[EventCountry "CAN"]

1. d4 Nf6 2. c4 g6 3. Nc3 Bg7 4. e4 d6 5. f4 O-O 6. Nf3 c5 7. d5 e6 8. Be2 exd5
9. cxd5 Re8 10. Nd2 a6 11. a4 Ng4 12. Bxg4 Qh4+ 13. g3 Qxg4 14. Qxg4 Bxg4 15.
h3 Bc8 16. Kf2 Nd7 17. Nc4 Bf8 18. Re1 Nf6 19. g4 Be7 20. Kf3 h5 21. g5 Nh7 22.
Kg2 Bd7 23. Be3 Rad8 24. a5 f6 25. gxf6 Bxf6 26. Nxd6 Bxc3 27. bxc3 Bxh3+ 28.
Kxh3 Rxd6 29. Bxc5 Rf6 30. Kg3 g5 31. f5 h4+ 32. Kg4 Rh6 33. e5 h3 34. Bf2 Rc8
35. d6 Rc4+ 36. Bd4 Rh4+ 37. Kg3 Kf7 38. e6+ Ke8 39. d7+ 1-0

[Event "Quebec-ch Amateur U2000"]
[Site "Montreal CAN"]
[Date "2014.10.13"]
[Round "6"]
[White "Perna-Fraser, David"]
[Black "Morin, Louis"]
[Result "0-1"]
[WhiteElo "1872"]
[BlackElo "1977"]
[PlyCount "128"]
[EventDate "2014.10.10"]
[EventType "swiss"]
[EventRounds "7"]
[EventCountry "CAN"]

1. e4 e5 2. Nf3 d6 3. d4 Nf6 4. Nc3 Nbd7 5. Bc4 Be7 6. O-O O-O 7. a4 c6 8. a5
Rb8 9. h3 b5 10. axb6 axb6 11. dxe5 dxe5 12. Qe2 b5 13. Bd3 Qc7 14. Be3 Bc5 15.
Nd2 Bb7 16. Nb3 Bxe3 17. Qxe3 Ra8 18. Nc5 Rxa1 19. Rxa1 Ra8 20. Rd1 h6 21. Be2
Nf8 22. Qd3 Bc8 23. Qd6 Ra7 24. Qxc7 Rxc7 25. Rd8 g6 26. Rd6 Kg7 27. Na2 Ne6
28. Nxe6+ Bxe6 29. Nb4 c5 30. Nd5 Nxd5 31. exd5 Rd7 32. Rxd7 Bxd7 33. c4 bxc4
34. Bxc4 f5 35. Kf1 Kf6 36. h4 Ke7 37. Ke2 Kd6 38. g3 Be8 39. Ke3 Bf7 40. f4
Bxd5 41. Bb5 Bf7 42. Ba4 exf4+ 43. Kxf4 Kd5 44. Bb3+ c4 45. Bc2 Kd4 46. h5 g5+
47. Kxf5 Bxh5 48. g4 Be8 49. Kf6 Ke3 50. Kg7 Kf4 51. Kxh6 Kxg4 52. Bd1+ Kf4 53.
Be2 Bf7 54. Kg7 Bd5 55. Kf6 g4 56. Ke7 g3 57. Bf1 g2 58. Bxg2 Bxg2 59. Kd6 Ke3
60. Kc5 Kd3 61. Kb4 Bd5 62. Ka3 Kc2 63. Ka2 c3+ 64. b3 Kd1 0-1

[Event "Quebec-ch Amateur U2000"]
[Site "Montreal CAN"]
[Date "2014.10.13"]
[Round "6"]
[White "Saha, Ananda"]
[Black "Simard, Francois"]
[Result "1-0"]
[WhiteElo "1793"]
[BlackElo "1849"]
[PlyCount "125"]
[EventDate "2014.10.10"]
[EventType "swiss"]
[EventRounds "7"]
[EventCountry "CAN"]

1. d4 d5 2. c4 c6 3. Nf3 e6 4. cxd5 cxd5 5. Nc3 Nf6 6. Bf4 Nc6 7. e3 Bb4 8. a3
Bxc3+ 9. bxc3 Ne4 10. Qb3 Na5 11. Qb4 Nc6 12. Bb5 Bd7 13. Bxc6 bxc6 14. O-O Qb6
15. Rfc1 c5 16. dxc5 Qxc5 17. Ne5 Bb5 18. a4 Ba6 19. f3 Qxb4 20. cxb4 Nd2 21.
Rc6 Bb7 22. Rc7 Rb8 23. Nxf7 O-O 24. Nd6 Ba8 25. Be5 Rxf3 26. Rxg7+ Kf8 27.
gxf3 Nxf3+ 28. Kf2 Nxe5 29. Rxa7 Bc6 30. b5 Bd7 31. Rb7 Ra8 32. b6 Ke7 33. Nb5
Nd3+ 34. Ke2 Nc5 35. Ra7 Rb8 36. a5 Kf6 37. Nd4 e5 38. Rf1+ Kg6 39. Rg1+ Kf6
40. Rf1+ Kg6 41. Rxd7 Nxd7 42. Nc6 Rb7 43. Ne7+ Kg5 44. Nxd5 Nc5 45. Rc1 Nb3
46. Rc7 Nxa5 47. Rxb7 Nxb7 48. Kf3 Nc5 49. Nc3 Kh4 50. Ne4 Nb7 51. Nf6 Nc5 52.
Nxh7 Kh3 53. Ng5+ Kxh2 54. Ne6 e4+ 55. Kg4 Nd7 56. b7 Kg2 57. Kf4 Kf2 58. Kxe4
Ke2 59. Kd4 Kf3 60. e4 Nb8 61. Kd5 Kg4 62. Nc5 Kg5 63. Kd6 1-0

[Event "Quebec-ch Amateur U2000"]
[Site "Montreal CAN"]
[Date "2014.10.13"]
[Round "6"]
[White "Saine, Zachary"]
[Black "Joanis, Marc-Andre"]
[Result "1-0"]
[WhiteElo "1706"]
[BlackElo "1854"]
[PlyCount "69"]
[EventDate "2014.10.10"]
[EventType "swiss"]
[EventRounds "7"]
[EventCountry "CAN"]

1. e4 e6 2. d4 d5 3. Nd2 Be7 4. Bd3 c5 5. c3 cxd4 6. cxd4 Nc6 7. Ne2 Nf6 8. e5
Nd7 9. Nf3 f6 10. exf6 Nxf6 11. O-O O-O 12. Re1 Qb6 13. a3 e5 14. Nxe5 Nxe5 15.
dxe5 Ng4 16. Be3 Nxe3 17. fxe3 Qxe3+ 18. Kh1 Bg4 19. Qb3 Qf2 20. Qxd5+ Kh8 21.
Ng3 Rad8 22. Qe4 g6 23. Qxg4 Rxd3 24. Rf1 Qb6 25. Rxf8+ Bxf8 26. Rf1 Qc5 27.
Qf4 Be7 28. Ne4 Qe3 29. Qf7 Qxe4 30. Qxe7 Qf5 31. Rc1 Rd2 32. e6 Rc2 33. Qe8+
Kg7 34. Qe7+ Kg8 35. Qf7+ 1-0

[Event "Quebec-ch Amateur U2000"]
[Site "Montreal CAN"]
[Date "2014.10.13"]
[Round "6"]
[White "Zumsteg, Nicolas"]
[Black "Alcantara, Maximo jr"]
[Result "1-0"]
[WhiteElo "1715"]
[BlackElo "1702"]
[PlyCount "88"]
[EventDate "2014.10.10"]
[EventType "swiss"]
[EventRounds "7"]
[EventCountry "CAN"]

1. e4 c6 2. d4 d5 3. Nc3 a6 4. Nf3 Bg4 5. Be2 e6 6. O-O Bb4 7. e5 Nd7 8. a3 Ba5
9. b4 Bb6 10. Bg5 Ne7 11. h3 Bf5 12. Nh4 Bg6 13. Kh1 Nf8 14. f4 Qd7 15. g4 h6
16. Bxe7 Qxe7 17. Nxg6 fxg6 18. Na4 Ba7 19. Nc5 O-O-O 20. c3 Nd7 21. Bd3 h5 22.
Bxg6 Bxc5 23. bxc5 hxg4 24. Qxg4 Rh4 25. Qg2 Rdh8 26. Rf3 Nf8 27. Bd3 g6 28.
Kh2 Qf7 29. Raf1 Qh7 30. Rg3 Qh6 31. Qf3 Kc7 32. c4 Kb8 33. cxd5 exd5 34. Qe3
Ka7 35. e6 g5 36. f5 Qf6 37. e7 Ne6 38. Qxe6 Qxd4 39. e8=Q Rxh3+ 40. Rxh3 Rxh3+
41. Kxh3 Qxd3+ 42. Qe3 Qxf1+ 43. Kg4 a5 44. Qd8 Qc1 1-0